Statistiques concernant Capitales les plus proches de Riyad - Sprint de 30 secondes

Cliquez ici pour prendre le quiz!

Statistiques générales

  • Ce quiz a été pris 17 fois
  • Le résultat moyen est 9 sur 20

Statistiques - réponses

kmcapitale% Correct
1198Mascate
71%
494Doha
64%
1072Sanaa
64%
780Abou Dabi
57%
1324Amman
57%
1488Beyrouth
57%
1406Damas
57%
1370Jérusalem
57%
535Koweït
57%
1637Le Caire
57%
428Manama
57%
1303Téhéran
57%
980Bagdad
50%
1509Djibouti
21%
1794Khartoum
21%
1320Asmara
14%
1838Achgabat
7%
1771Bakou
7%
1733Erevan
7%
1729Nicosie
7%

Distribution des résultats

Percentile par nombre de réponses

% des personnes avec chaque résultat

Votre développement - résultats

Vous n’avez pas pris ce quiz